النطق السامي 1952-1998 لجلالة الملك الحسين بن طلال المعظم حول شؤون القدس و المقدسات : (رقم التسجيلة. 28837)
[ عرض عادي ]
| 000 -LEADER | |
|---|---|
| fixed length control field | 00797nam a22002057a 4500 |
| 005 - DATE AND TIME OF LATEST TRANSACTION | |
| control field | 20251108165457.0 |
| 008 - FIXED-LENGTH DATA ELEMENTS--GENERAL INFORMATION | |
| fixed length control field | 250721s1998 xx 000 0 ara d |
| 082 14 - DEWEY DECIMAL CLASSIFICATION NUMBER | |
| Classification number | م/956.504/حسي |
| 100 1# - MAIN ENTRY--PERSONAL NAME | |
| Personal name | أبو علبة، محمد عبد الله |
| Relator term | محرر |
| 245 10 - TITLE STATEMENT | |
| Title | النطق السامي 1952-1998 لجلالة الملك الحسين بن طلال المعظم حول شؤون القدس و المقدسات : |
| Remainder of title | حول شؤون القدس الشريف و المقدسات / |
| 264 1# - PRODUCTION, PUBLICATION, DISTRIBUTION, MANUFACTURE, AND COPYRIGHT NOTICE | |
| Place of production, publication, distribution, manufacture | عمان : |
| Name of producer, publisher, distributor, manufacturer | المؤلف، |
| Date of production, publication, distribution, manufacture, or copyright notice | 1998. |
| 300 ## - PHYSICAL DESCRIPTION | |
| Extent | 568ص. |
| 650 17 - SUBJECT ADDED ENTRY--TOPICAL TERM | |
| Topical term or geographic name as entry element | التاريخ السياسي |
| 650 17 - SUBJECT ADDED ENTRY--TOPICAL TERM | |
| Topical term or geographic name as entry element | الأردن |
| 650 17 - SUBJECT ADDED ENTRY--TOPICAL TERM | |
| Topical term or geographic name as entry element | المدن |
| 650 17 - SUBJECT ADDED ENTRY--TOPICAL TERM | |
| Topical term or geographic name as entry element | الخطب السياسية |
| 700 1# - ADDED ENTRY--PERSONAL NAME | |
| Personal name | الخماس، نبال تيسير |
| Relator term | تحرير |
| 942 ## - ADDED ENTRY ELEMENTS (KOHA) | |
| Source of classification or shelving scheme | Dewey Decimal Classification |
| Koha item type | مراجع |
| حالة السحب | حالة الفقدان | مصدر التصنيف | حالة التلف | غير قابل للإعارة | المكتبة الرئيسية | المكتبة الحالية | موقع الرف | تاريخ التزويد | الرقم المتسلسل | Total Checkouts | رقم الإستدعاء | الباركود | تاريخ آخر ظهور | تاريخ الفاتورة | نوع المادة (كوها) |
|---|---|---|---|---|---|---|---|---|---|---|---|---|---|---|---|
| Dewey Decimal Classification | Not For Loan | المكتبة المركزية | المكتبة المركزية | مراجع | 06/07/2004 | 287158 | م/956.504/حسي | 287158 | 28/07/2025 | 06/07/2004 | مراجع | ||||
| Dewey Decimal Classification | Not For Loan | مكتبة الأميرة ايمان العامة | مكتبة الأميرة ايمان العامة | مراجع | 30/09/2013 | 287171 | م/956.504/حسي | PLD00280892 | 28/07/2025 | 30/09/2013 | مراجع | ||||
| Dewey Decimal Classification | Not For Loan | مكتبة الحسن العامة | مكتبة الحسن العامة | مراجع | 04/05/2019 | 287176 | م/956.504/حسي | PLD00452334 | 28/07/2025 | 04/05/2019 | مراجع | ||||
| Dewey Decimal Classification | Not For Loan | مكتبة تاريخ الأردن | مكتبة تاريخ الأردن | لا يعار | 12/11/2014 | 1585934 | م/956.504/حسي | PLD00310274 | 28/07/2025 | 12/11/2014 | مراجع |